La miel : alimento y medicina natural /
Obra sobre la miel, su composición y producción, su historia, su uso como factor de salud (germicida, sedante inocuo, medicina para quemaduras y heridas), así como ingrediente de variadas recetas de cocina que aquí se presentan.
Guardado en:
| Autor principal: | |
|---|---|
| Formato: | Libro |
| Idioma: | Español |
| Publicado: |
Madrid, España :
EDAF,
1983, c1983
|
| Colección: | (Plus Vitae)
|
| Temas: | |
| Etiquetas: |
Sin etiquetas, Sé el primero en etiquetar este registro!
|
MARC
| LEADER | 00000nam^a2200000^a^4500 | ||
|---|---|---|---|
| 001 | 000181485 | ||
| 005 | 20250521000000.0 | ||
| 009 | 20260310101932.879 | ||
| 020 | |a 968-445-004-4 | ||
| 037 | |a Acervo ITESO - Biblioteca | ||
| 041 | |a ESP | ||
| 082 | |a 641. 38 |b BOR | ||
| 100 | |a Bord, Janet |e (autor) | ||
| 245 | 1 | 3 | |a La miel : |b alimento y medicina natural / |c J. Bord ; tr. por Rafael Lassaletta. |
| 264 | 4 | |a Madrid, España : |b EDAF, |c 1983, c1983 | |
| 300 | |a 101 p. | ||
| 336 | |a texto |b txt |2 rdacontenido | ||
| 337 | |a sin mediación |b n |2 rdamedio | ||
| 338 | |a volumen |b nc |2 rdasoporte | ||
| 440 | 1 | |a (Plus Vitae) | |
| 500 | |a Traducción de: Honey, Natural Food and Healer | ||
| 520 | |a Obra sobre la miel, su composición y producción, su historia, su uso como factor de salud (germicida, sedante inocuo, medicina para quemaduras y heridas), así como ingrediente de variadas recetas de cocina que aquí se presentan. | ||
| 649 | |a XX | ||
| 650 | |a Miel de Abeja - |x Historia | ||
| 650 | |a Miel de Abeja | ||
| 650 | |a Apicultura | ||
| 650 | |a Medicina Naturista - |x Tema Principal | ||
| 650 | |a Medicina Alternativa | ||
| 650 | |a Cocina - |x Recetarios | ||
| 910 | |a Fondo General | ||
| 920 | |a Impresos - Libros | ||
| 930 | |a Colección General | ||
| 905 | |a 101 | ||
| 901 | |a 0500121204 |b IT1 |c ACC |u 20250521 | ||
| 902 | |a https://opac.biblio.iteso.mx/vufind/Record/000181485 | ||